000 00288nam a22001337a 4500
008 180111b xxu||||| |||| 00| 0 eng d
020 _a9781464150869
041 _aeng
080 _25 ED
_a616.073
100 _a6
101 _aGEN
245 _aGENETICS
_cPIERCE.B.A
942 _2udc
_cBK
999 _c40150
_d40150